Statistics for Actors by Film #1

Click here to take the quiz!

General Stats

  • This quiz has been taken 43 times
  • The average score is 8 of 20

Answer Stats

FilmFilmFilmActor/Actress% Correct
Pretty WomanNotting HillOcean's ElevenJulia Roberts
75%
The Sound of MusicMary PoppinsThe Princess DiariesJulie Andrews
65%
The GraduateRain ManHookDustin Hoffman
63%
Apocalypse NowThe GodfatherSupermanMarlon Brando
60%
Black PantherCreedChronicleMichael B. Jordan
55%
The Dark Knight RisesLes MisérablesInterstellarAnne Hathaway
53%
Kong: Skull Island21 Jump StreetCaptain MarvelBrie Larson
50%
Teenage Mutant Ninja TurtlesTransformersJennifer's BodyMegan Fox
48%
A.I. Artificial IntelligenceMamma Mia!The Deer HunterMeryl Streep
48%
Top GunHeatBatman ForeverVal Kilmer
48%
The Hunger GamesAlmost FamousThe Big LebowskiPhilip Seymour Hoffman
40%
Judgment at NurembergA Star Is BornThe Wizard of OzJudy Garland
35%
The PrestigeInceptionThe Dark KnightMichael Caine
28%
Edward ScissorhandsBlack SwanStar TrekWinona Ryder
28%
Lawrence of ArabiaTroyStardustPeter O'Toole
18%
Gangs of New YorkChicagoThe AviatorJohn C. Reilly
10%
Harry PotterAlienV for VendettaJohn Hurt
10%
Scott Pilgrim vs. The WorldDeath Proof10 Cloverfield LaneMary Elizabeth Winstead
10%
The Lord of the RingsThe MartianTroySean Bean
10%
300DreddThe PurgeLena Headey
8%

Score Distribution

Percentile by Number Answered

Percent of People with Each Score

Your Score History

You have not taken this quiz